F1 - Tous les pilotes vainqueurs avec Lotus - Statistiques

Statistiques générales
  • Ce quiz a été pris 33 fois
  • Le résultat moyen est 8 sur 13
Statistiques - réponses
Années chez Lotus Nationalités Victoires Pilotes % Correct
2012-2013 Finlande 2 Kimi Räikkönen
93%
1970-1973 Brésil 9 Emerson Fittipaldi
87%
1985-1987 Brésil 6 Ayrton Senna
83%
1968-1969 ; 1976-1980 Etats-Unis 11 Mario Andretti
83%
1960-1968 Royaume-Uni 25 Jim Clark
80%
1973-1976 ; 1978 Suède 9 Ronnie Peterson
70%
1969-1970 Autriche 6 Jochen Rindt
67%
1958-1959 ; 1967-1970 Royaume-Uni 4 Graham Hill
53%
1980-1985 Italie 2 Elio de Angelis
43%
1976-1977 Suède 1 Gunnar Nilsson
33%
1960-1961 Royaume-Uni 4 Stirling Moss
30%
1962-1964 ; 1968-1969 Suisse 1 Jo Siffert
27%
1959-1963 ; 1965 Royaume-Uni 1 Innes Ireland
10%
Aucun quiz correspondant
Distribution des résultats
% des personnes avec chaque résultat
Percentile par nombre de réponses
Votre historique - résultats
Vous n’avez pas pris ce quiz